Seis piezas no / (Record no. 109301)

MARC details
000 -LEADER
campo de control de longitud fija 00616nam a2200193 4500
001 - NÚMERO DE CONTROL
campo de control 109301
003 - IDENTIFICADOR DE NÚMERO DE CONTROL
campo de control ES-MaACL
005 - FECHA Y HORA DE LA ÚLTIMA TRANSACCIÓN
campo de control 20240228063033.0
007 - CAMPO FIJO DE DESCRIPCIÓN FÍSICA--INFORMACIÓN GENERAL
campo de control de longitud fija t|
008 - DATOS DE LONGITUD FIJA--INFORMACIÓN GENERAL
campo de control de longitud fija 061121s1973 sp r ||||1| spa d
100 0# - ENTRADA PRINCIPAL--NOMBRE DE PERSONA
Nombre de persona Mishima, Yukio,
Fechas asociadas al nombre 1925-1970
9 (RLIN) 81651
245 10 - MENCIÓN DEL TÍTULO
Título Seis piezas no /
Mención de responsabilidad, etc. Yukio Mishima; traducción de: Vicente Ribera Cueto; traducción de Dojoji: Masal Yamamoto.
250 ## - MENCION DE EDICION
Mención de edición 1ª ed.
260 ## - PUBLICACIÓN, DISTRIBUCIÓN, ETC.
Lugar de publicación, distribución, etc. Barcelona :
Nombre del editor, distribuidor, etc. Seix Barral,
Fecha de publicación, distribución, etc. 1973.
300 ## - DESCRIPCIÓN FÍSICA
Extensión 165 p. ;
Dimensiones 20 cm.
700 1# - ENTRADA AGREGADA--NOMBRE PERSONAL
Nombre de persona Ribera Cueto, Vicente.
9 (RLIN) 96789
852 ## - LOCALIZACIÓN
Ubicación ES-MaACL
Número de control de estantería C-53019
Sublocalización o colección R.85558
Holdings
Estatus retirado Estado de pérdida Estado de daño No para préstamo Biblioteca de origen Biblioteca actual Ubicación en estantería Fecha de adquisición Fuente de adquisición Total de préstamos Signatura topográfica completa Código de barras Visto por última vez Precio de reemplazo Tipo de ítem Koha
        Biblioteca del Ateneo de Madrid Biblioteca del Ateneo de Madrid Depósito 2 17/01/2008     C-53019 1114048 23/02/2023 23/02/2023 Libro impreso